| 000 | 00655nam a2200217Ia 4500 | ||
|---|---|---|---|
| 005 | 20250508163819.0 | ||
| 008 | 008 250505s9999 xx 000 0 eng d | ||
| 020 | _a0-7619-0191-4 | ||
| 037 | _aReference | ||
| 040 |
_aFEDL _beng _cFEDL |
||
| 041 |
_aeng _2eng |
||
| 084 |
_a418, EHR _qFEDL |
||
| 100 |
_aEhrman Madeline E _9776426 |
||
| 245 | 0 | _aUnderstanding second language learning difficulties | |
| 260 |
_aThousand Oaks, USA _bSage Publications _c1996 |
||
| 300 | _axvii,346p | ||
| 365 |
_aUSD _b36 |
||
| 650 |
_aSecond language acquisition; Learning disabilities _9776427 |
||
| 942 |
_cREF _h418, EHR |
||
| 999 |
_c1385410 _d1385410 |
||